00416nam a2200109Ia 4500008004100000100001700041245007700058260006900135300001100204650002300215856006800238160712s9999 xx 000 0 und d aJov, Almero. cJov AlmeroaAng Paglalakbay ng Isang Kwento: Si Guacu, ang Hunk na Lumpo c2013bLikhaan: The Journal of Contemporary Philippine Literature avol. 7 xFICTION/NONFICTION uhttp://journals.upd.edu.ph/index.php/lik/issue/view/537/showToc